00925cam a2200253 a 450000100100000000500170001000800410002702000150006803500230008304000320010608200190013810000270015724500460018426000900023030000200032049000720034050400310041258600400044360000350048365000240051865000260054270000290056883000740059700000746020250128171937.0030609s1999 ve b 000 0 spa d a980619764X a(OCoLC)ocm43940287 aDO-SdBNPcNOCdOCLCQdBNPHU aV864.44bV632v1 aVicente, Henry,d1962-13aEl vértigo horizontal /cHenry Vicente. aCaracas, (Venezuela) :bCentro de Estudios Latinoamericanos Rómulo Gallegos,c1999. a87 p. ;c21 cm.1 a12 edición Premio Fernando Paz Castillo 1998aEstudios Literarios aBibliografías: p. 81-87. aPremio Fernando Paz Castillo, 1998.10aBorges, Jorge Luis,d1899-1986 4aEnsayos venezolanos 4aLiteratura venezolana1 aGallegos, Rómulo,eed. 0a12 edición Premio Fernando Paz Castillo 1998,pEstudios Literarios.